Crossway ESV Bible atlas / [text by] John D. Currid, [maps by] David P. Barrett (Record no. 9383)

MARC details
000 -LEADER
fixed length control field 01247cam a2200337Ia 4500
001 - CONTROL NUMBER
control field 436625377
003 - CONTROL NUMBER IDENTIFIER
control field OCoLC
005 - DATE AND TIME OF LATEST TRANSACTION
control field 20241126110711.0
007 - PHYSICAL DESCRIPTION FIXED FIELD--GENERAL INFORMATION
fixed length control field co ugu||||||||
008 - FIXED-LENGTH DATA ELEMENTS--GENERAL INFORMATION
fixed length control field 090914s2010 iluab b 001 0 eng d
020 ## - INTERNATIONAL STANDARD BOOK NUMBER
International Standard Book Number 9781433501920
020 ## - INTERNATIONAL STANDARD BOOK NUMBER
International Standard Book Number 1433501929
035 ## - SYSTEM CONTROL NUMBER
System control number (OCoLC)436625377
040 ## - CATALOGING SOURCE
Original cataloging agency BTCTA
Transcribing agency BTCTA
Modifying agency DTM
-- YDXCP
082 ## - DEWEY DECIMAL CLASSIFICATION NUMBER
Classification number 220.910223
Item number CUR
092 ## - LOCALLY ASSIGNED DEWEY CALL NUMBER (OCLC)
Classification number 220.91
Item number C976E
100 1# - MAIN ENTRY--PERSONAL NAME
Personal name Currid, John D.,
Dates associated with a name 1951-
9 (RLIN) 16349
245 10 - TITLE STATEMENT
Title Crossway ESV Bible atlas / [text by] John D. Currid, [maps by] David P. Barrett
246 30 -
-- ESV Bible atlas
246 3# -
-- English Standard Version Bible atlas
260 ## - PUBLICATION, DISTRIBUTION, ETC.
Place of publication, distribution, etc. Wheaton, Ill. :
Name of publisher, distributor, etc. Crossway Books,
Date of publication, distribution, etc. 2010
300 ## - PHYSICAL DESCRIPTION
Extent 349 p. :
Other physical details col. ill., col. maps (1 fold.) ;
Dimensions 31 cm. +
Accompanying material 1 CD-ROM, 1 poster (56 x 42 cm)
500 ## - GENERAL NOTE
General note Companion to the ESV Study Bible
500 ## - GENERAL NOTE
General note Folded poster inserted in back end pocket
500 ## - GENERAL NOTE
General note CD contains grayscale and color digital versions of the historical maps, along with a searchable index
504 ## - BIBLIOGRAPHY, ETC. NOTE
Bibliography, etc. note Includes bibliographical references (p. [310]) and indexes
630 00 - SUBJECT ADDED ENTRY--UNIFORM TITLE
Uniform title Bible
General subdivision Geography
Form subdivision Maps
9 (RLIN) 1571
630 00 - SUBJECT ADDED ENTRY--UNIFORM TITLE
Uniform title Bible
General subdivision History of Biblical events
9 (RLIN) 1262
700 1# - ADDED ENTRY--PERSONAL NAME
Personal name Barrett, David P
9 (RLIN) 16350
942 ## - ADDED ENTRY ELEMENTS (KOHA)
Source of classification or shelving scheme Dewey Decimal Classification
Koha item type Reference Books
Holdings
Withdrawn status Lost status Source of classification or shelving scheme Damaged status Not for loan Home library Current Library Shelving location Date acquired Total checkouts Full call number Barcode Date last seen Copy number Price effective from Koha item type
    Dewey Decimal Classification     GRACE BIBLE COLLEGE GRACE BIBLE COLLEGE Concordance 2022-11-10   220.910223 CUR 015868 2025-05-01 c.1 2022-11-10 Reference Books
© Grace Bible College Library 2025